00441nam a2200121Ia 4500008004100000100002700041245009500068245006000163260000900223300001100232650001300243856006300256170221s9999 xx 000 0 und d aAndreou, Panayiotis C. aBank Liquidity Creation and Risk-Taking: Does Managerial Ability Matter? (pages 226–259) cPanayiotis C. Andreou, Dennis Philip and Peter Robejsek c2012 a32 : 6 xBusiness uhttp://onlinelibrary.wiley.com/doi/10.1111/jbfa.12169/epdf